000
00330pam a2200145a 44500
008
230405s xxu||||| |||| 00| 0 eng d
041
_a
ENG
100
_a
YUDENICH V V
245
_a
ACCIDENT FIRST AID
250
_a
3 1989
260
_a
MOSCOW
_b
MIR PUBLICATION MOSCOW
_c
300
_a
78
650
_a
PHARMACOLOGY
906
_a
130
999
_c
265569
_d
265569